| 000 | 00470nam a2200169Ia 4500 | ||
|---|---|---|---|
| 008 | 231019s9999||||xx |||||||||||||| ||und|| | ||
| 020 | _a978-602-17933-9-8 | ||
| 040 | _aID-SmMUS | ||
| 084 | _a128-0210 SUR Gov Bo.1 | ||
| 100 | _aGatot Suradji | ||
| 245 | 0 | _aIlmu dan Seni Kepemimpinan | |
| 250 | _aKe-1 | ||
| 260 |
_aBandung _bPustaka Reka Cipta _c2014 |
||
| 300 | _ai-viii + 236 hlm | ||
| 650 |
_aGovernment, Pemerintahan _eG-O-V _vMateri Kepemimpinan |
||
| 942 | _cBK | ||
| 999 |
_c23618 _d23609 |
||